000
00240nam a2200097Ia 4500
008
240625s9999 xx 000 0 und d
041
_a
eng
082
_a
808.20 MAS
100
_a
MASKE AMISH
245
_a
STUDY ON REVENUE GROWTH AND EFFECTS OF P
999
_c
35626
_d
35626